Identidad, pertenencia y tenencia. Propiedades psicoculturales

Es una reflexión sobre algunas construcciones ideológicas que han determinado, en particular, la identidad latinoamericana sustentda en conceptos psicoculturales

Saved in:
Bibliographic Details
Main Author: Vargas Mora, Lorena
Format: Unknown
Published: Heredia, Costa Rica: UNA. Facultad de Filosofía y Letras,
Subjects:
Tags: Add Tag
No Tags, Be the first to tag this record!

MARC

LEADER 000000000a22000000004500
001 001445
022 |a 1409-309X 
041 0 |a español 
092 0 |a Praxis 
100 1 |a Vargas Mora, Lorena 
245 1 0 |a Identidad, pertenencia y tenencia. Propiedades psicoculturales 
260 |a Heredia, Costa Rica:   |b UNA. Facultad de Filosofía y Letras, 
520 |a Es una reflexión sobre algunas construcciones ideológicas que han determinado, en particular, la identidad latinoamericana sustentda en conceptos psicoculturales 
650 4 |a IDENTIDAD 
650 4 |a COLONIZACION 
773 0 |t Praxis 
773 0 |g número 66 (enero-julio 2011) 
773 0 |g 2011 
999 |c 1850  |d 1850